| 000 | 00931nam a2200289Ia 4500 | ||
|---|---|---|---|
| 001 | Para_7754 | ||
| 003 | CHAP | ||
| 008 | 220125s1930 xx 000 0 und d | ||
| 010 | _a206754 | ||
| 040 | _cCHAP | ||
| 082 | _aPA-C 595.77 D5 | ||
| 100 |
_aGinsburg, Joseph M. _948089 |
||
| 245 |
_aPreliminary studies on causes and remedies for mosquito breeding in sewage disposal plants / _c by Joseph M. Ginsburg and Leroy Forman |
||
| 300 | _a7 p. | ||
| 440 |
_aDíptera ; 2 _9172861 |
||
| 500 | _aSobretiro de : Swage work Journal 2(3) : 412-18, 1930 Enc. con impresos similares | ||
| 650 |
_aDípteros _x colecciones de escritos _933718 |
||
| 650 |
_aMosquitos _x reproducción _9173058 |
||
| 700 |
_aForman, Leroy _9173059 |
||
| 901 | _aPA-C 595.77 D5 | ||
| 902 | _aA | ||
| 905 | _a0000001930 0000000000 00 | ||
| 910 | _a1930 | ||
| 942 | _cPARA | ||
| 942 |
_cPARA _d1 |
||
| 999 |
_c206754 _d206754 |
||